000 00332nam a22001457a 4500
008 210311b ||||| |||| 00| 0 eng d
020 _a047026389X
041 _aeng
080 _22nd
_a541
082 _a541
100 _a12
101 _aKIM
245 _aMembranes and their Cellular Functions
_cFineam, J. B
942 _2udc
_cBK
999 _c56405
_d56405